Países com a maior população de ciganos - Statistics

Estatísticas Gerais
  • Esse quiz foi jogado 61 vezes
  • A pontuação média é 25 de 31
Estatísticas das Respostas
Hint Resposta % Correto
800 mil Brasil
98%
1 milhão Estados Unidos
96%
180.00 Itália
96%
650 mil Espanha
94%
500 mil França
94%
300 mil Argentina
92%
205.720 Hungria
92%
50 mil Polônia
92%
30.737 Portugal
92%
182.766 Rússia
92%
500 mil Turquia
92%
370.900 Bulgária
90%
200 mil Grécia
90%
1.850.000 Romênia
90%
40 mil Áustria
86%
89.220 Eslováquia
86%
90 mil Reino Unido
86%
80 mil Suíça
86%
150 mil República Checa
84%
131.936 Sérvia
84%
47.587 Ucrânia
82%
30 mil Bélgica
80%
20 mil Países Baixos
78%
1 milhão Egito
76%
58 mil Bósnia e Herzegovina
71%
20 mil Moldávia
67%
53.879 Macedônia do Norte
63%
34 mil Kosovo
55%
250 mil Síria
51%
30 mil Líbia
47%
70 mil Jordânia
45%
Nenhum quiz correspondente encontrado
Distribuição das Pontuações
Porcentagem de Pessoas com Cada Pontuação
Percentil de Números Respondidos
Sua Pontuação Histórica
Você não jogou esse quiz